000 00801nam a22002777a 4500
003 CHAP
005 20220329134338.0
008 971013s1984 r 00010 d
010 _a19086
011 _a20058
035 _a24146
040 _cCHAP
082 _a633.68
_bC43
110 _aCentro Internacional de Agricultura Tropical
_921185
245 _aDirectorio de yuca
250 _aEd. prelim
260 _a(Cali :
_bEl Centro),
_c1984
300 _a200 p.
590 _aBATCH-UPD
_b10
_c20130110
_lUCH01
_h0029
590 _aCONVERSION
_b10
_c20130109
_lUCH01
_h1312
650 1 4 _aYuca
_xDirectorios.
_9123282
901 _aBK
942 _cLIBRO
949 _a633.68 C43
_bBC
_cC
_d33724000654364
_eC
_fc.2
_h63126
_i24146
_si
949 _a633.68 C43
_bBC
_cC
_d33724000654679
_eC
_h63125
_i24146
_si
999 _c19086
_d19086